[Event "Aarhus GM"]
[Site "Aarhus"]
[Date "2003.07.31"]
[Round "5"]
[White "Skytte, Rasmus"]
[Black "Petrov, Marian"]
[Result "1-0"]
[WhiteElo "2404"]
[BlackElo "2475"]
[Annotator "Hecht,H"]
[PlyCount "105"]
[EventDate "2003.07.27"]
[EventType "tourn"]
[EventRounds "9"]
[EventCountry "DEN"]
[EventCategory "9"]
[SourceTitle "CBM 097"]
[Source "ChessBase"]
[SourceDate "2003.11.11"]
[SourceVersion "1"]
[SourceVersionDate "2003.11.11"]
[SourceQuality "1"]

1. d4 Nf6 2. Nc3 d6 3. e4 e5 4. Nf3 Nbd7 5. Bc4 Be7 6. O-O O-O 7. Re1 c6 8. a4
b6 9. d5 Bb7 10. dxc6 Bxc6 11. Bg5 Qc7 12. b3 a6 13. Qe2 Qb7 14. Rad1 Rfc8 15.
Bxf6 Nxf6 16. Ng5 Be8 17. Nd5 Rc5 18. Bxa6 Qa7 19. Nxe7+ Qxe7 20. Bc4 Rac8 21.
Qd3 h6 22. Nf3 Bxa4 23. Ba6 Rc3 24. Qxd6 Qxd6 25. Rxd6 Ra8 26. Rxb6 Bc6 27.
Rxc6 Rxc6 28. Bb7 Rac8 29. Bxc6 Rxc6 {Slow technical win with linked passed
pawns. Langsamer technischer Gewinn bei verbundenen Freibauern.} 30. Re2 Nd7
31. g3 Kf8 32. Kf1 Ke7 33. Nh4 g6 34. Ng2 Ke6 35. Ne3 f5 36. Nc4 Ra6 37. exf5+
Kxf5 38. f3 h5 39. Kf2 Ra1 40. h3 Rh1 41. g4+ Kf6 42. Rd2 Nc5 43. Kg2 Rc1 44.
Ne3 Ne6 45. Nd5+ Kg5 46. gxh5 gxh5 47. c3 Kh4 48. b4 Ng5 {Tactic: passed pawn
in conjunction with mating attack. Taktik: Freibauer in Verbindung mit
Mattangriff.} 49. b5 (49. Rb2 {followed by Rb5 was absolutely logical. nebst
Tb5 war absolut logisch.}) 49... Nxh3 50. b6 Rg1+ (50... Rb1 51. Nb4 Rg1+ 52.
Kh2 Rg6 53. Nd5 $18) 51. Kh2 Rg8 52. Ne7 Rb8 53. Rg2 1-0

[Event "CRO-ch"]
[Site "Pula"]
[Date "2000.01.12"]
[Round "6"]
[White "Stevic, Hrvoje"]
[Black "Novak, Danijel"]
[Result "0-1"]
[WhiteElo "2470"]
[BlackElo "2365"]
[Annotator "Hecht,H"]
[PlyCount "114"]
[EventDate "2000.01.07"]
[EventType "tourn"]
[EventRounds "13"]
[EventCountry "CRO"]
[EventCategory "8"]
[SourceTitle "CBM 075"]
[Source "ChessBase"]
[SourceDate "2000.04.05"]
[SourceVersion "1"]
[SourceVersionDate "2000.04.05"]
[SourceQuality "1"]

1. e4 e5 2. Nf3 d6 3. d4 Nf6 4. Nc3 Nbd7 5. g3 Be7 6. Bg2 O-O 7. O-O c6 8. a4
a5 9. h3 Re8 10. b3 Bf8 11. Bb2 h6 12. Re1 Qb6 13. Qd2 Nh7 14. Rad1 Ndf6 15.
Kh2 Bd7 16. Na2 Qc7 17. c4 Rad8 18. Bc3 b6 19. dxe5 dxe5 20. Qb2 Bd6 21. Rxd6
Qxd6 22. Bxe5 Qc5 23. Bd4 Qh5 24. Nh4 c5 25. Bc3 Bc6 26. f3 Ng5 27. Bxf6 gxf6
28. Qxf6 Rd2 29. Qxc6 Red8 30. Qf6 R8d3 31. Nc1 Rxf3 32. Qc6 Rff2 33. Rg1 Nf3+
34. Kh1 Nxg1 35. Kxg1 Qd1+ 36. Kh2 Rxg2+ 37. Nxg2 Qf3 38. Qc8+ Kg7 39. Qg4+
Qxg4 40. hxg4 Kf6 {[#] Weiß ist praktisch patt. Beide weißen Springer sowie
der König sind zugunfähig.} 41. e5+ (41. Kh3 Rd1 $19 {[%cal Rd1c1,Rd1h1]})
41... Kg5 42. b4 axb4 43. a5 bxa5 44. Nb3 Rb2 45. Nxc5 Kxg4 {[%csl Rg2][%cal
Rg4f3]} 46. Nd3 Rd2 47. e6 fxe6 48. Ne5+ Kf5 49. Nf3 Rd8 50. c5 b3 51. c6 b2
52. Nd4+ Ke4 (52... Rxd4 53. c7 Rc4 54. Ne3+) 53. Nb5 Kd3 54. Nf4+ Kd2 55. Na3
Rc8 56. Nxe6 Rxc6 57. Nd4 Rb6 0-1

[Event "Griesheim GM"]
[Site "Griesheim"]
[Date "2002.01.27"]
[Round "5"]
[White "Ginsburg, Gennadij"]
[Black "Schmaltz, Roland"]
[Result "0-1"]
[WhiteElo "2493"]
[BlackElo "2534"]
[Annotator "Hecht,H"]
[PlyCount "94"]
[EventDate "2002.01.23"]
[EventType "tourn"]
[EventRounds "9"]
[EventCountry "GER"]
[EventCategory "12"]
[SourceTitle "CBM 088"]
[Source "ChessBase"]
[SourceDate "2002.03.21"]
[SourceVersion "1"]
[SourceVersionDate "2002.03.21"]
[SourceQuality "1"]

1. e4 d6 2. d4 Nf6 3. Nc3 Nbd7 4. Nf3 e5 5. Bc4 Be7 6. O-O O-O 7. Re1 a6 8. a4
b6 9. h3 Bb7 10. d5 Kh8 11. Be3 Ng8 12. Bf1 g6 13. Qd2 f5 14. g3 a5 15. h4 Nc5
16. Bh3 Bc8 17. Bxc5 bxc5 18. Ng5 f4 19. Ne6 Bxe6 20. Bxe6 Nh6 21. Nb5 g5 22.
hxg5 Bxg5 23. Qe2 f3 24. Qf1 Qe7 25. Qh3 Rf6 26. Qh5 Qg7 27. Nxc7 Qxc7 28. Qxg5
Raf8 29. Ra3 c4 30. Ree3 Qb6 31. Qh5 Qd4 32. Rxf3 Qxe4 33. Rae3 Qxc2 34. Rxf6
Rxf6 35. Rf3 Rxf3 36. Qxf3 {[#] ausgeglichene Stellung mit beiderseitigen
Bauernschwächen. Taktischer Abschluss.} Kg7 37. Qe3 Kg6 38. Qb6 Qc1+ 39. Kh2
Qe1 40. Bh3 $6 {entläßt den Springer aus der Randposition} (40. Kg2 $11) 40...
Nf7 41. Bd7 Qd2 42. Be6 Ng5 43. g4 $2 (43. Kg2 $142 $11) 43... Qf4+ 44. Kg1
Nxe6 45. Qxd6 Qxg4+ 46. Kf1 $4 ({Nur mit} 46. Kh1 {oder Kh2 konnte noch gut
weiter gekämpft werden} Kf6 47. dxe6 $17) 46... Qd1+ 47. Kg2 Qxd5+ $1 0-1

[Event "FIDE-Wch k.o."]
[Site "Moscow"]
[Date "2001.11.27"]
[Round "1.1"]
[White "Vlassov, Nikolai"]
[Black "Kasimdzhanov, Rustam"]
[Result "1/2-1/2"]
[WhiteElo "2453"]
[BlackElo "2706"]
[Annotator "Hecht,H"]
[PlyCount "138"]
[EventDate "2001.11.27"]
[EventType "k.o."]
[EventRounds "7"]
[EventCountry "RUS"]
[SourceTitle "CBM 086"]
[Source "ChessBase"]
[SourceDate "2002.02.05"]
[SourceVersion "1"]
[SourceVersionDate "2002.02.05"]
[SourceQuality "1"]

1. e4 e5 2. Bc4 Nf6 3. d3 c6 4. Nf3 Be7 5. Nc3 d6 6. O-O O-O 7. a4 Nbd7 8. d4
exd4 9. Qxd4 Nc5 10. Rd1 Ne6 11. Qd2 Qc7 12. Qe2 Ng4 13. Ba2 Bf6 14. h3 Ne5 15.
Nh2 Nc5 16. Be3 Re8 17. Qd2 Rd8 18. b4 Na6 19. Rab1 Be6 20. Bxe6 fxe6 21. Qe2
Nb8 22. f4 Nf7 23. Qc4 Bxc3 24. Qxc3 Nd7 25. Ng4 Rf8 26. Rd3 e5 27. f5 h5 28.
Nf2 Nf6 29. g4 d5 30. exd5 e4 31. d6 Nxd6 32. Rd4 hxg4 33. hxg4 Nxf5 34. gxf5
Qg3+ 35. Kf1 Nd5 36. Rxd5 cxd5 37. Bd4 Qxc3 38. Bxc3 Rac8 39. Nd1 Rxf5+ 40. Ke2
Rf3 41. Kd2 Rc4 42. Be5 d4 43. c3 dxc3+ 44. Bxc3 Kf7 45. Rc1 Rd3+ 46. Kc2 Ke6
47. Kb3 Rc7 48. Nb2 Rg3 49. a5 g5 50. Na4 Kf5 51. Rd1 e3 52. Rd5+ Ke4 53. Re5+
Kf3 54. Nc5 g4 55. Ne6 Rd7 56. Ng5+ Ke2 57. Ne4 Rg1 58. Nf6 Rd3 59. Kc4 g3 60.
Nh5 Rxc3+ 61. Kxc3 g2 62. Nf4+ Kf3 63. Nxg2 Rxg2 64. Re7 e2 $6 (64... Kf2 $1
65. Rxb7 (65. Kd3 Rg3 66. b5 Rf3 $1 67. b6 axb6 68. axb6 Rf8 $1 69. Rxb7 Rf6 $1
70. Rb8 e2 71. Re8 Rd6+ 72. Kc2 Rxb6 73. Rf8+ Ke1 74. Rf7 Rc6+ 75. Kb2 Rc5 {
horizontale Sperre und Brückenbau}) 65... e2 66. Rf7+ Ke1 67. Rxa7 Rg3+ $1 68.
Kc4 $1 Kf2 69. Rf7+ Rf3 70. Re7 Re3 71. Rf7+ Kg3 72. Rg7+ Kf4 73. Rg1 e1=Q 74.
Rxe1 Rxe1 75. b5 Ke5 76. Kc5 $1 $11) 65. Kd2 Rg4 66. Re3+ Kf2 67. Rxe2+ Kf1 68.
Re1+ Kf2 69. Re2+ Kf1 1/2-1/2

[Event "BIH-chT"]
[Site "Neum"]
[Date "2002.06.04"]
[Round "4.3"]
[White "Stojanovic, Dalibor"]
[Black "Kobalia, Mihail"]
[Result "0-1"]
[WhiteElo "2442"]
[BlackElo "2602"]
[Annotator "Hecht,H"]
[PlyCount "90"]
[EventDate "2002.06.02"]
[EventType "team"]
[EventRounds "9"]
[EventCountry "BIH"]
[SourceTitle "CBM 090"]
[Source "ChessBase"]
[SourceDate "2002.09.20"]
[SourceVersion "1"]
[SourceVersionDate "2002.09.20"]
[SourceQuality "1"]
[WhiteTeam "Bijeljina"]
[BlackTeam "Kiseljak"]
[WhiteTeamCountry "BIH"]
[BlackTeamCountry "BIH"]

1. e4 e5 2. Nf3 d6 3. d4 exd4 4. Nxd4 Nf6 5. Nc3 Be7 6. Be2 O-O 7. O-O Re8 8.
Re1 Bf8 9. Bf1 Nbd7 10. Bg5 h6 11. Bh4 c6 12. a4 a5 13. Bc4 g6 14. Ba2 Bg7 15.
Qd2 Qb6 16. Nf3 g5 17. Bg3 Ne5 18. Nxe5 dxe5 19. Nd1 Bf8 20. h4 g4 21. c3 Nh5
22. Ne3 Rd8 23. Qe2 Nxg3 24. fxg3 Bc5 25. Kh2 Bxe3 26. Qxe3 Qxe3 27. Rxe3 Kg7
28. Rf1 f6 29. Re2 b6 30. Bc4 Ba6 31. Bxa6 Rxa6 32. Kg1 Ra7 33. Kf2 Rd3 34. Re3
Rad7 35. Re2 Rd2 36. Rfe1 R7d3 37. Rxd2 Rxd2+ 38. Re2 Rxe2+ 39. Kxe2 {[#] Die
schlechte weiße Bauernstruktur ermöglicht die Bildung eines schwarzen
Freibauern, der praktisch ein Mehrbauer ist.} f5 40. exf5 Kf6 41. b4 Kxf5 42.
c4 (42. Ke3 e4 43. Kd4 c5+ 44. bxc5 bxc5+ 45. Ke3 Ke5 {[%cal Re5d5,Rd5c4]} 46.
c4 h5 $22) 42... axb4 43. c5 b3 44. Kd2 e4 45. cxb6 e3+ {Entweder zieht ein
schwarzer Bauer mit Schach ein oder b7-b8D wird mittels b2-b1D verhindert.} 0-1

[Event "DEN-ch"]
[Site "Odense"]
[Date "1994.??.??"]
[Round "3"]
[White "Hansen, Lars Bo"]
[Black "Pedersen, Steffen"]
[Result "1-0"]
[WhiteElo "2545"]
[BlackElo "2420"]
[Annotator "Hecht,H"]
[PlyCount "145"]
[EventDate "1994.07.??"]
[EventType "tourn"]
[EventRounds "9"]
[EventCountry "DEN"]
[EventCategory "10"]
[SourceTitle "CBM 041"]
[Source "ChessBase"]
[SourceDate "1994.08.01"]
[SourceVersion "1"]
[SourceVersionDate "1994.08.01"]
[SourceQuality "1"]

1. e4 e5 2. Nf3 d6 3. Bc4 Nf6 4. d4 Nxe4 5. dxe5 c6 6. Nbd2 Nxd2 7. Bxd2 d5 8.
Bd3 Be7 9. Qe2 Na6 10. c3 Nc5 11. Bc2 Bg4 12. h3 Bh5 13. Be3 Bg6 14. Bxc5 Bxc5
15. O-O-O Bxc2 16. Qxc2 Qe7 17. Rhe1 O-O 18. Kb1 Rae8 19. Re2 Qe6 20. Ne1 f6
21. Nd3 Bb6 22. Rde1 fxe5 23. Nxe5 Qf5 24. f3 Bc7 25. Nd3 Rxe2 26. Rxe2 Bd6 27.
c4 dxc4 28. Qxc4+ Qf7 29. Qd4 Rd8 30. Qxa7 Qd5 31. Qe3 Bc5 32. Qxc5 Qxd3+ 33.
Qc2 Qd5 34. Qb3 Qxb3 35. axb3 Kf7 36. Kc2 Rd5 37. Rd2 Rc5+ 38. Kd1 Ke7 39. Ke2
g6 40. f4 Rb5 41. Rd3 h5 42. g4 hxg4 43. hxg4 g5 44. fxg5 Rxg5 45. Rd4 Rb5 46.
b4 Kf6 47. Kf3 Kg5 48. Rc4 Kg6 49. Ke3 Kf6 50. Kd3 Rg5 51. Rf4+ Ke5 $6 (51...
Kg6 $1 52. Kc4 Rd5 $14) 52. Ke3 {vertikale Sperre!} Ke6 53. Kf3 Rd5 54. Kg3 Ke7
55. Rf2 Rd4 56. Kh4 Rxb4 57. Kh5 Rb3 58. g5 Rg3 59. Kh6 Rh3+ 60. Kg7 Rg3 61. g6
b5 62. Kh7 b4 63. g7 Rh3+ 64. Kg8 c5 65. Rf5 Rh2 (65... c4 66. Rf4 c3 (66...
Rh2 67. Rxc4 Rxb2 68. Rh4 $18) 67. Rxb4 c2 68. Rc4 Rh2 69. b4 Rg2 70. b5 Kf6
71. Kf8 Rxg7 72. Rc6+ $18) 66. Rxc5 Rxb2 67. Rh5 Rg2 68. Kh8 Kf7 (68... Kd6 69.
g8=Q Rxg8+ 70. Kxg8 Kc6 71. Kf7 b3 72. Rh3 b2 73. Rb3 $18) 69. Rh7 Ke6 70. Rh4
Kd6 (70... Kf7 71. Rf4+ $18) 71. Rxb4 Rh2+ 72. Kg8 Ke7 73. Re4+ 1-0

[Event "EU-chT (Men) 14th"]
[Site "Plovdiv"]
[Date "2003.10.14"]
[Round "4.3"]
[White "Cheparinov, Ivan"]
[Black "Pavasovic, Dusko"]
[Result "0-1"]
[WhiteElo "2531"]
[BlackElo "2586"]
[Annotator "Hecht,H"]
[PlyCount "92"]
[EventDate "2003.10.10"]
[EventType "team-swiss"]
[EventRounds "9"]
[EventCountry "BUL"]
[SourceTitle "CBM 098"]
[Source "ChessBase"]
[SourceDate "2004.02.03"]
[SourceVersion "1"]
[SourceVersionDate "2004.02.03"]
[SourceQuality "1"]
[WhiteTeam "Bulgaria"]
[BlackTeam "Slovenia"]
[WhiteTeamCountry "BUL"]
[BlackTeamCountry "SLO"]

1. e4 e5 2. Nf3 d6 3. d4 exd4 4. Nxd4 Nf6 5. Nc3 Be7 6. Be2 O-O 7. O-O c5 8.
Nf5 Bxf5 9. exf5 Nc6 10. Nd5 Nxd5 11. Qxd5 Qd7 12. c3 Rfe8 13. Bf3 Bf6 14. g4
h6 15. h3 Rad8 16. Bf4 Be5 17. Be3 Ne7 18. Qd2 b6 19. Bd5 Nxd5 20. Qxd5 b5 21.
Rad1 Qe7 22. Kg2 a5 23. Rfe1 Qc7 24. Re2 b4 25. c4 a4 26. Rde1 Bf6 27. Bf4 Rxe2
28. Rxe2 Be5 29. Bc1 b3 30. axb3 axb3 31. g5 Qd7 32. f4 Bd4 33. gxh6 Re8 34.
Re4 gxh6 35. f6 Bxf6 36. f5 Kh7 37. Rxe8 Qxe8 38. Kf3 Qe7 39. Qd3 Qe5 40. Qxb3
Qxf5+ 41. Ke2 Qe4+ 42. Kd1 Be5 43. Qc2 Qxc2+ 44. Kxc2 Kg6 45. Kd3 f5 46. Ke3 $4
{[%mdl 12288]} ({Nötig war} 46. Ke2) ({oder} 46. b3 {In beiden Fällen muss
Schwarz erst noch den Beweis antreten, dass er das Stoppschild in Gestalt des
weißen Königs auf f3 ausbremsen kann.}) 46... Bf6 $1 {Führt nach Läufertausch
zu einem sofort gewonnenen Bauernendspiel.} 0-1

[Event "RUS-Cup03 Geller Memorial"]
[Site "Moscow"]
[Date "1999.02.12"]
[Round "3"]
[White "Vokarev, Sergey"]
[Black "Igriashvili, Zurab"]
[Result "1-0"]
[WhiteElo "2462"]
[BlackElo "2327"]
[Annotator "Hecht,H"]
[PlyCount "159"]
[EventDate "1999.02.10"]
[EventType "swiss"]
[EventRounds "9"]
[EventCountry "RUS"]
[SourceTitle "CBM 070"]
[Source "ChessBase"]
[SourceDate "1999.06.08"]
[SourceVersion "1"]
[SourceVersionDate "1999.06.08"]
[SourceQuality "1"]

1. e4 e5 2. Nf3 d6 3. d4 Nd7 4. Bc4 c6 5. O-O Be7 6. dxe5 Nxe5 7. Nxe5 dxe5 8.
Qh5 g6 9. Qxe5 Nf6 10. Bh6 Rg8 11. Bg5 Ng4 12. Qxe7+ Qxe7 13. Bxe7 Kxe7 14. Nd2
Be6 15. Rfd1 Ne5 16. Bxe6 fxe6 17. Nb3 g5 18. Nc5 Rad8 19. Kf1 b6 20. Nd3 Nxd3
21. Rxd3 Rxd3 22. cxd3 c5 23. h3 Rd8 24. Ke2 h5 25. Rc1 a5 26. Ke3 e5 27. g3
Rg8 28. b3 Kd6 29. Rf1 Ke6 30. a4 Rg7 31. Rh1 Rf7 32. f3 Rf8 33. Rh2 Rg8 34. h4
g4 35. Rf2 gxf3 36. Rxf3 b5 37. axb5 Rb8 38. Kd2 Rxb5 39. Kc3 Rb4 40. Rf5 a4
41. bxa4 Rxa4 42. Rxh5 c4 43. Rh6+ Kd7 44. g4 cxd3 45. Kxd3 Ra3+ 46. Kc4 Ra4+
47. Kc5 Rxe4 48. Rg6 Ra4 49. Kd5 {[#] Übergang in T+2 - T} Ke7 (49... e4 50.
Rd6+ Kc7 51. Rc6+ Kd7 52. Rc4 $18) 50. Kxe5 Kf7 51. h5 Rb4 52. Kf5 Rb5+ 53. Kf4
Ra5 54. Rg5 Ra4+ 55. Kg3 Kf6 56. Rg6+ Kf7 57. Kh4 Ra5 58. Rb6 Kg7 59. Rb7+ (59.
h6+ Kh7 60. g5 Ra1 61. Rb7+ Kg6 (61... Kg8 62. g6 Rh1+ 63. Kg5 Rg1+ 64. Kf5
Rf1+ 65. Ke4 Re1+ 66. Kd3 Rd1+ 67. Kc2 Rd8 68. Rb6 Rc8+ 69. Kb3 Ra8 70. Kc4
Rc8+ 71. Kd5 Rd8+ 72. Kc6 Rc8+ 73. Kd7 Ra8 74. Rc6 $18 {[%cal Rc6c8] Technik})
62. Rg7+ Kf5 63. h7 Rh1+ 64. Kg3 Rh5 65. g6 Kf6 66. Rg8 $18) 59... Kg8 (59...
Kh6 {[%cal Ra5h5] Achtung, Pattfalle!} 60. Rb6+ Kh7 61. h6 Ra1 62. Kh5 Rh1+ 63.
Kg5 Ra1 64. Rb7+ Kg8 65. Kg6 Ra6+ 66. Kh5 Ra1 67. g5 Ra5 68. Re7 Kh8 69. Kg6
Ra6+ 70. Kf5 Ra5+ 71. Re5 $18 {[%cal Rg5g6]}) 60. h6 Rc5 61. g5 Rc6 62. Kh5 Rc5
63. Rg7+ Kh8 64. Re7 Ra5 65. Kg6 Ra6+ 66. Kf5 Ra1 67. Kf6 Rf1+ 68. Kg6 Rf8 69.
Kh5 Rf5 70. Kg4 Rf1 71. g6 Rg1+ 72. Kf5 Rf1+ 73. Ke6 Re1+ 74. Kd7 Rd1+ 75. Ke8
Kg8 76. Rg7+ Kh8 77. Rd7 Rg1 78. Kf7 Rf1+ 79. Ke7 Re1+ 80. Kf8 1-0

[Event "HUN-ch"]
[Site "Lillafured"]
[Date "1999.02.03"]
[Round "3"]
[White "Gyimesi, Zoltan"]
[Black "Varga, Zoltan"]
[Result "0-1"]
[WhiteElo "2529"]
[BlackElo "2518"]
[Annotator "Hecht,H"]
[PlyCount "102"]
[EventDate "1999.02.01"]
[EventType "tourn"]
[EventRounds "9"]
[EventCountry "HUN"]
[EventCategory "13"]
[SourceTitle "CBM 070"]
[Source "ChessBase"]
[SourceDate "1999.06.08"]
[SourceVersion "1"]
[SourceVersionDate "1999.06.08"]
[SourceQuality "1"]

1. d4 d6 2. e4 Nf6 3. Nc3 e5 4. Nf3 Nbd7 5. Bc4 Be7 6. O-O O-O 7. Re1 c6 8. a4
b6 9. d5 cxd5 10. Nxd5 Bb7 11. b3 Rc8 12. Ba3 Nxd5 13. Bxd5 Bxd5 14. Qxd5 Rxc2
15. Bxd6 Bxd6 16. Qxd6 Nc5 17. Qxd8 Rxd8 18. b4 Nd3 19. Red1 Rcc8 20. Rd2 Nxb4
21. Rxd8+ Rxd8 22. Nxe5 Re8 23. Rb1 Na2 24. Nc6 Rxe4 25. Rd1 g6 26. a5 Rc4 27.
axb6 axb6 28. Ne7+ Kg7 29. Nd5 b5 30. Kf1 Rc5 31. Rd4 h5 32. h3 Nc3 33. Nxc3
Rxc3 {[#] freier b-Bauer wird seitlich gedeckt; 3-3 Bauern am Königsflügel} 34.
Rd6 b4 35. Rb6 b3 36. g3 (36. h4 $5 Rc1+ 37. Ke2 Rc2+ 38. Ke3 b2 39. g3 Kf8 40.
f3 Ke7 41. g4 (41. Kf4 $142 {[%csl Rf7][%cal Rf4g5,Rg5f6]} f6 (41... Kd7 42.
Kg5 Kc7 43. Rb3 Kc6 44. Kf6 Kc5 45. Kxf7 Kc4 46. Rb8 Kc3 47. Kxg6 Rc1 48. g4
$11) 42. g4 Kd7 43. gxh5 gxh5 44. Kf5 Kc7 45. Rb3 Kc6 46. Kxf6 Kc5 47. Kg5 Kc4
48. Rb8 Kc3 49. Kxh5 Rc1 50. Kg6 b1=Q+ 51. Rxb1 Rxb1 52. h5 Rg1+ 53. Kf7 Rh1
54. Kg6 Kd4 55. h6 Ke5 56. h7 Ke6 57. Kg7 Rg1+ 58. Kf8 $11) 41... Kd7 42. gxh5
gxh5 43. Kf4 Kc7 44. Rb3 Kc6 45. Kg5 (45. Rb8 Kd5 46. Kg5 Kc4 47. Kxh5 Kc3 48.
Kg5 Rc1 49. Kf6 b1=Q 50. Rxb1 Rxb1 51. Kxf7 Rh1 52. f4 Kd4 53. f5 (53. Kg6 Rxh4
54. f5 Ke5 55. f6 Rf4 56. f7 Ke6 $19) 53... Ke5 54. f6 Rf1 55. h5 Rxf6+ 56. Kg7
Kf5 57. h6 Rg6+ 58. Kh7 Kg5 $19) 45... Rc5+ 46. Kf6 Rb5 $19) 36... h4 37. Kg2 (
37. gxh4 Rxh3 38. Kg2 Rc3 39. f3 Rc2+ $5 (39... Kf8 $142 40. Kg3 Ke7 41. Kg4
Kd7 42. f4 Kc7 43. Rb4 Kc6 44. Kg5 Kc5 45. Rb8 Kc4 46. Kf6 Rf3 $19) 40. Kg3 b2
41. Kg4 f6 42. h5 gxh5+ 43. Kxh5 Rg2 44. Kh4 Kf7 45. Kh3 Rc2 46. Kg4 Ke7 47.
Kf5 Kd7 48. f4 Kc7 49. Rb3 $44 {[%csl Rf6]}) 37... hxg3 38. fxg3 g5 39. Rb4 (
39. h4 g4 (39... gxh4 40. gxh4 Rc2+ 41. Kf3 Rb2 42. Ke3 (42. h5 Rb1 43. h6+ Kh7
44. Kg2 b2 45. Kh2 f5 46. Kg2 f4 47. Kh2 f3 $19) 42... Rb1 43. Kd3 f5 44. Kc3
f4 45. Rb4 f3 46. Rf4 Rf1 (46... b2 47. Kc2) 47. Kxb3 f2 48. Kb2 $11) 40. Kf2
$44 {[%cal Rh4h5]} (40. h5 Rc2+ 41. Kf1 b2 $19)) 39... f5 40. Rb5 Kf6 41. g4 f4
$19 42. Rf5+ Kg6 43. Rb5 Rg3+ 44. Kh2 Rd3 45. Kg2 Rd2+ 46. Kf3 Rh2 47. Rb6+ Kf7
48. Ke4 Rxh3 49. Kf5 Rc3 50. Rb7+ Ke8 51. Ke6 Re3+ 0-1

[Event "Itau Mercosul Cup 3rd"]
[Site "Sao Paulo"]
[Date "1999.??.??"]
[Round "4"]
[White "Vescovi, Giovanni P"]
[Black "Camara, Helder"]
[Result "1-0"]
[WhiteElo "2522"]
[BlackElo "2345"]
[Annotator "Hindemburg,Melao"]
[PlyCount "105"]
[EventDate "1999.10.??"]
[EventType "swiss"]
[EventRounds "9"]
[EventCountry "BRA"]
[SourceTitle "EXT 2000"]
[Source "ChessBase"]
[SourceDate "1999.11.16"]
[SourceVersion "1"]
[SourceVersionDate "1999.11.16"]
[SourceQuality "1"]

1. e4 e5 2. Nf3 Qe7 3. Nc3 c6 4. d4 d6 5. a4 Bg4 6. Be2 Nf6 7. a5 Bxf3 8. Bxf3
Qc7 9. O-O Be7 10. Ne2 a6 11. g3 Nbd7 12. Bg2 h5 13. h4 Nf8 14. c4 {()} Ne6 15.
d5 Nc5 16. Nc3 (16. b4 $5 Ncd7 (16... Ncxe4 $2 17. Qd3 $18) 17. Bg5) 16... Ncd7
17. b3 c5 18. Bh3 Nf8 19. Bd2 g6 20. Qe2 N8d7 21. Na4 Rb8 22. Rfc1 Bf8 23. b4
Be7 (23... cxb4 $142 24. c5 (24. Bxb4 $5) 24... dxc5 25. Bxb4) 24. bxc5 dxc5
25. f4 $16 {o^d5, [+]} Kf8 26. Rf1 Kg7 27. Ra3 Bd6 28. f5 Rhf8 29. Raf3 Be7 30.
Bc3 Qd6 31. fxg6 fxg6 32. Be6 b5 33. axb6 Nxb6 34. Nb2 Nbd7 35. Nd3 Rb3 36. Qc2
Rbb8 37. Rxf6 $5 {>< Pe5} (37. Qc1 $1 Rb3 38. Bxd7 Nxd7 39. Nf4 $1 $18 {>< e6})
37... Bxf6 38. Bxd7 Qxd7 39. Nxc5 (39. Rxf6 $2 Kxf6 $5 (39... Rxf6 40. Bxe5 Qh3
$132) 40. Bxe5+ (40. Nxe5 Qh3 $1 41. Qd3 Rb1+ $1 42. Qxb1 Qxg3+ 43. Kh1 (43.
Kf1 Ke7+ $19) 43... Qh3+ 44. Kg1 Qxc3 45. Nd7+ Kg7 46. Nxf8 Qg3+ $11) 40... Ke7
41. Nxc5 $5 (41. Bxb8 Rxb8 42. Ne5 (42. Nxc5 Qh3 $1 $40) 42... Qh3 43. Nc6+ Ke8
44. Nxb8 Qxg3+ $11)) 39... Qg4 (39... Qa7 $1 40. Qf2 $8 Kg8 $1 41. Ne6 Qxf2+
42. Rxf2 Rf7 43. c5 $16) 40. Ne6+ Kg8 41. Nxf8 Qxg3+ 42. Qg2 Qxg2+ 43. Kxg2
Rxf8 44. c5 $18 Kg7 45. c6 Rc8 46. Kh3 a5 47. Bxa5 Be7 48. Rb1 Kf6 49. Rf1+ Kg7
50. c7 Bd6 51. Rf2 Ra8 52. Rc2 Rc8 53. Rc6 1-0

[Event "Nordic-ch VISA"]
[Site "Reykjavik"]
[Date "1997.10.19"]
[Round "10"]
[White "Hjartarson, Johann"]
[Black "Gretarsson, Helgi Ass"]
[Result "1-0"]
[WhiteElo "2605"]
[BlackElo "2475"]
[Annotator "Hjartarson,J"]
[PlyCount "73"]
[EventDate "1997.10.08"]
[EventType "tourn"]
[EventRounds "13"]
[EventCountry "ISL"]
[EventCategory "10"]
[SourceTitle "CBM 062"]
[Source "ChessBase"]
[SourceDate "1998.01.31"]
[SourceVersion "1"]
[SourceVersionDate "1998.01.31"]
[SourceQuality "1"]

1. e4 e5 2. Nf3 d6 3. d4 Nf6 4. Nc3 Nbd7 5. Bc4 Be7 6. O-O O-O 7. Re1 c6 8. a4
b6 9. d5 cxd5 10. Nxd5 Bb7 11. b3 Rc8 12. Re2 $1 Nxd5 (12... Nc5 $5 13. Nxf6+
Bxf6 14. Bd5 Qd7 15. Ba3 Bxd5 16. Qxd5 Ne6 17. g3 $4 (17. Qxd6 Qxd6 18. Bxd6
Rfd8 19. Bxe5 Bxe5 20. Nxe5 Nf4 (20... Nd4 21. Rd2 f6 22. Nd3 Rxc2 23. Rxc2
Nxc2 24. Rd1 $14) 21. Ree1 Rxc2 $44) 17... Nf4 18. Qd2 (18. gxf4 Qg4+ 19. Kf1
Qxf3 $19) 18... Nxe2+ 19. Qxe2 Rc3 $19 {0-1 Gigerl,E-Insam,H/AUT-chT2S 1995 
(39)}) 13. Bxd5 Ba6 14. c4 Nf6 15. Ba3 Qd7 $146 (15... Qc7 16. Rd2 Bb7 $2 (
16... Nxd5 17. Rxd5 Rcd8 18. Qe2 $14) 17. Bxd6 Bxd6 18. Bxb7 Qxb7 19. Rxd6 Qxe4
20. a5 Rb8 21. axb6 axb6 22. Ra6 b5 23. c5 Rbc8 24. c6 $16 {Law, A-Summerscale,
A/Eng-chT/1997}) 16. Qd2 (16. Rd2 Nxd5 17. Rxd5 Bb7 18. Rxe5 Rfd8 $11) 16...
Nxd5 17. exd5 $1 f5 18. Rae1 Bf6 19. h3 $1 (19. Ng5 $6 Bxg5 20. Qxg5 f4 $11)
19... Rfd8 20. Nh2 f4 (20... Bb7 21. f4 e4 22. Bb2 Qe7 23. Nf1 $16) 21. Nf3 (
21. Qd3 $1 $16) 21... Bb7 (21... Bxc4 $5 22. bxc4 Qxa4 23. Qd3 $1 (23. Bb2 Qxc4
24. Qd1 a5 25. Re4 Qb5 $13) 23... Qxc4 (23... Rxc4 24. Bb2 $14) 24. Qf5 Qxd5
25. Rd2 $16) 22. Qd3 a6 23. Nd2 Qf7 24. g3 $1 fxg3 (24... Be7 25. gxf4 Qxf4 26.
Re4 (26. Ne4 $14) 26... Qf5 27. f4 $1 exf4 28. Qf3 Bh4 29. R1e2 Rf8 30. Bxd6
Qg6+ 31. Qg4 Qxd6 32. Qxh4 f3 33. Rf2 $16) 25. fxg3 b5 26. Ne4 Be7 27. Bb4 Rb8
28. Rf2 Qh5 (28... Qe8 29. cxb5 axb5 30. a5 $16) 29. Ref1 bxc4 30. bxc4 Bc8 (
30... Qxh3 31. Rh2 Qg4 32. Bxd6 $18) 31. g4 Qg6 (31... Bxg4 32. hxg4 Qxg4+ 33.
Rg2 $18) 32. Ba5 Re8 (32... Rf8 33. Rxf8+ (33. c5 dxc5 34. d6 Rxf2 35. Rxf2 Bh4
36. Rf3) 33... Bxf8 34. Qf3 Bd7 35. Bc7 Rc8 36. c5 $1 dxc5 37. d6 c4 38. Nc5 e4
39. Qd1 Be8 40. Qd4 $18) 33. c5 $1 dxc5 34. d6 Bh4 35. Rf3 Bb7 $2 (35... c4 36.
Qxc4+ Be6 37. Qc6 Bd8 (37... h5 38. d7 $18) 38. Bc7 Rc8 (38... Rb4 39. d7 Bxd7
40. Qxd7 Bxc7 41. Qd5+ $18) 39. a5 $22 Bxc7 (39... Ba2 40. Rc3 Bxc7 41. d7 $18)
40. dxc7 Rxc7 41. Qxc7 Qxe4 42. Qd6 $18) 36. Qc4+ Qe6 $138 (36... Re6 37. Rb3
$18) (36... Kh8 37. d7 Rg8 38. d8=Q Bxd8 39. Qxg8+ Kxg8 40. Rf8#) 37. Rf8+ 1-0